000 01366njm a2200289 a 4500
003 BLK
005 20240822092555.0
007 sd ammalaaahaa
008 240822b bul||n|| |||||||| n|bulo|
028 _aSUA 10917
040 _aBLK
041 _aCZE
_cDRS
080 _aОпера, музикална драма - изпълнители
_b782.1.071.2
_x(086.72)
_z782.1.071.2(086.72)
100 _9494129
_aBardini, Gaetano
245 _aFamous operatic arias
_cGaetano Bardini - tenor ; Ostrava State Philharmonic Orchestra ; dir. Ino Savini
260 _aPraha
_bSupraphon
_c1968
_9210746
300 _a1 грамофонна плоча 33 об./мин.
_bмоно
_c30 см
380 _a7
490 _9494133
_aArtia
500 _aManon Lescaut, "Ah! Manon, mi tradisce"; "Donna non vidi mai" ; Andrea Chénier, "Un di all' azzurro spazio" ; Tosca, "E lucevan le stelle" ; Cavalleria Rusticana, "Mamma, quel vino è generoso" La Gioconda, "Cielo e mar" ; Turandot, "Nessun dorma"; "Non piangere, Liu" ; Marta, "M'appari" ; Tosca, "Recondita armonia" Andrea Chénier, "Come un bel di di maggio" ; L' Africana, "O, paradiso
650 0 _9353489
_aСоло пеене - тенор
653 _9192849
_aоперни арии
852 _aФ ІІ 1035
_bЦб
856 _i0.00
_ldisable
942 _cGPL
_n0
944 _cГеновева Генчева
_k30560
_a30560
_lГеновева Генчева
999 _c515700
_d515700